000
00225 a2200097 4500
001
13319
100
_a
Pal, M.N
245
_a
Introduction work study
260
_a
_b
International labour office geneva
_c
090
_c
10338
_d
10338
942
_a
NUST-CAE
_c
_c
379
999
_c
248392
_d
248392